[Event "II Duchamp Open 2018"]
[Site "Rio de Janeiro"]
[Date "2018.11.14"]
[Round "2"]
[White "Galego, Luis"]
[Black "Barreto, Ignacio C. De Barro"]
[Result "1-0"]
[WhiteElo "2479"]
[BlackElo "2222"]
[Annotator "TA"]
[PlyCount "99"]
[EventDate "2018.11.14"]
[EventType "swiss"]
[EventCountry "BRA"]
[SourceTitle "playchess.com"]
[Source "ChessBase"]
[SourceQuality "1"]

{[%evp 16,99,134,126,125,105,199,151,170,176,184,177,176,179,163,153,154,161,159,149,149,145,141,145,141,147,138,100,104,104,98,95,91,95,99,75,75,8,10,8,9,8,9,9,35,27,139,136,196,194,198,196,251,240,266,253,311,265,317,316,461,463,459,361,427,462,410,356,1456,1365,1231,1128,1437,1309,29957,9939,29965,9166,29990,29991,29991,29992,29993,29994,29996,29997]} 1. e4 e5 2. Nf3 Nc6 3. Nc3 g6 4. d4 exd4 5. Nd5 Bg7 6. Bg5 Nce7 7. Nxd4 c6 8. Nc3 Qa5 {C46: 3 Nc3: Unusual Black 3rd moves} (8... d6 9. Be2 Nf6 10. O-O h6 11. Bh4 O-O 12. f4 Qb6 {½-½ (12) Dimitrov,R (2478)-Martinez Duany,L (2509) Rochefort 2018}) 9. Qd2 {LiveBook: 4 Games} d5 10. Nb3 Bxc3 $146 (10... Qd8 $16) ({Predecessor:} 10... Qb4 11. exd5 Bxc3 12. bxc3 Qe4+ 13. Be2 Qxd5 14. O-O-O Qxd2+ 15. Rxd2 f6 16. Be3 {½-½ (25) Schoenrock,R (2063)-Collini,C (2187) Leipzig 2012}) 11. bxc3 $18 ({Much less strong is} 11. Nxa5 $6 Bxd2+ 12. Bxd2 b6 $11) 11... Qa3 12. Qd4 f6 13. Bc1 Qd6 14. c4 Qe5 15. Qxe5 fxe5 16. cxd5 cxd5 17. exd5 Nxd5 18. Bb2 {[%cal Bc1b2,Bb2e5,Be5d4][%mdl 32]} Ngf6 19. Bxe5 {And now 0-0-0 would win.} O-O 20. O-O-O {Strongly threatening Bc4.} Be6 21. f3 Nd7 22. Bd4 Rfc8 23. Bb5 a6 24. Bxd7 Bxd7 25. Nc5 Bf5 26. g4 (26. Rd2 $16) 26... Bxc2 $1 $11 27. Kxc2 {[#] aiming for Kb2.} b6 28. a3 bxc5 29. Bf2 Nb6 30. Rhe1 $36 {[%mdl 2048] White is more active.} Rab8 (30... Rf8 $11) 31. Bg3 $16 Rb7 (31... Ra8 $16) 32. Rb1 $18 Rc6 33. Re8+ Kg7 {[#]} (33... Kf7 $142 34. Ra8 Nxa8 35. Rxb7+ Ke6 36. Rxh7 Nb6) 34. Ra8 $1 {[%cal Ra8a6]} Re7 35. Rxa6 Ree6 36. Re1 Kf6 37. a4 Nd5 (37... Nc8 $142 38. Bh4+ Kf7 39. Rxc6 Rxc6) 38. Rxe6+ Rxe6 39. Rxe6+ Kxe6 {[%mdl 4096] Endgame KB-KN} 40. Kd3 Kd7 41. Be5 h5 $2 (41... Kc6 42. a5 Ne7) 42. gxh5 gxh5 43. f4 h4 44. Ke4 Kc6 45. f5 c4 46. f6 c3 47. f7 {White mates.} c2 48. f8=Q Nc3+ 49. Bxc3 c1=Q 50. Qc8+ {Precision: White = 87%, Black = 44%.} 1-0

[Event "II Duchamp Open 2018"]
[Site "Rio de Janeiro"]
[Date "2018.11.14"]
[Round "2"]
[White "Matsuura, Everaldo"]
[Black "Rocha, Vitor Firmo De Souz"]
[Result "1/2-1/2"]
[WhiteElo "2476"]
[BlackElo "2174"]
[Annotator "TA"]
[PlyCount "96"]
[EventDate "2018.11.14"]
[EventType "swiss"]
[EventCountry "BRA"]
[SourceTitle "playchess.com"]
[Source "ChessBase"]
[SourceQuality "1"]

{[%evp 22,96,25,28,54,41,52,56,68,21,206,60,33,14,42,48,43,54,41,43,50,31,23,37,36,19,29,0,0,0,63,-14,-14,-40,-39,-37,-36,-37,-37,-37,-44,-66,-64,-50,-22,-238,-57,-54,-35,-75,-11,-18,-10,-6,-17,-20,-22,-29,-30,-51,-6,-12,-6,-6,-6,-13,0,0,0,0,0,0,0,0,2,2,14]} 1. e4 c6 2. d4 d5 3. exd5 cxd5 4. c4 Nf6 5. Nc3 e6 6. Nf3 Bb4 7. cxd5 Nxd5 8. Bd2 O-O 9. Bd3 Be7 10. O-O Nc6 11. Qe2 Nf6 12. Ne4 {LiveBook: 111 Games} g6 {B14: Caro-Kann: Panov-Botvinnik Attack with 5...e6 and 5...g6} (12... Qb6 13. Be3 Nd5 14. Rac1 Rd8 15. a3 {½-½ (15) Motylev,A (2658)-Jakovenko,D (2724) Poikovsky 2012}) 13. Rad1 $146 ({Predecessor:} 13. Rfd1 b6 14. Bh6 Re8 15. Ne5 Nxd4 16. Qe3 Bb7 17. Bb5 Qd5 18. Bxe8 Rxe8 19. Qxd4 Qxe4 20. Qxe4 Nxe4 {1-0 (90) Melia,S (2431)-Khotenashvili,B (2461) Tbilisi 2010}) 13... b6 14. Bh6 Re8 $1 {White is slightly better.} 15. Bb5 Bd7 $2 (15... Bb7 $1 $11) 16. Nc3 (16. Ne5 $18 Nxe4 17. Nxd7 (17. Qxe4 f5 $16) (17. Nxc6 Bxc6 18. Bxc6 Nf6 $16)) 16... Nd5 $14 17. Rfe1 Rc8 18. Ba6 Rb8 19. Bc4 Nxc3 20. bxc3 Na5 21. Bd3 ({But not} 21. Qe5 Bf6 $15) 21... Ba4 22. Rc1 ({Of course not} 22. Qe5 Bf6 $17) 22... Ba3 23. Rb1 Rc8 24. c4 Nc6 25. Qe3 {Hoping for Bxg6.} Be7 (25... Bb4 $11) 26. Qf4 ({Stronger than} 26. Ne5 Nxd4 27. Qh3 Nf5 $17) (26. c5 $14) 26... Qd6 $11 27. Qg4 f5 28. Qf4 Qxf4 29. Bxf4 Bf6 30. d5 e5 31. Bg5 Bxg5 32. Nxg5 Nd4 {White should prevent ...h6.} (32... Na5 {is interesting.} 33. Rbc1 e4 34. Bf1 Bd7 35. Re3 h6) 33. Nf3 $2 (33. Bf1 $11) 33... Nxf3+ $2 (33... e4 $19 34. Nxd4 exd3 35. Rxe8+ Bxe8) 34. gxf3 $15 Kf7 35. Re3 {[#]} Kf6 (35... f4 $1 $17 {[%cal Rf4e3]} 36. Ree1 Bd7) 36. Bf1 {Black must now prevent Ra3.} Rc7 37. Ra3 Bd7 $1 38. d6 Rc6 39. Rxa7 Rxd6 40. Rb7 Ra8 41. R1xb6 {The position is equal.} Rxb6 42. Rxb6+ $11 {[%mdl 4096] Endgame KRB-KRB} Ke7 43. c5 Rc8 44. Bb5 {[#] Rb7 is the strong threat.} Rxc5 45. Bxd7 Kxd7 46. Rb7+ Ke6 47. Rxh7 Rd5 48. Ra7 Rc5 {Precision: White = 49%, Black = 54%.} 1/2-1/2

[Event "II Duchamp Open 2018"]
[Site "Rio de Janeiro"]
[Date "2018.11.14"]
[Round "2"]
[White "Romanishin, Oleg M"]
[Black "Lebredo Zaragoitia, Gerardo"]
[Result "1-0"]
[WhiteElo "2435"]
[BlackElo "2139"]
[Annotator "TA"]
[PlyCount "63"]
[EventDate "2018.11.14"]
[EventType "swiss"]
[EventCountry "BRA"]
[SourceTitle "playchess.com"]
[Source "ChessBase"]
[SourceQuality "1"]

{[%evp 9,63,20,83,71,75,62,80,29,-5,4,25,18,28,-7,60,52,68,56,64,51,58,58,49,49,125,127,117,122,117,143,151,117,212,190,180,212,189,127,184,171,182,173,367,253,240,225,225,225,225,225,270,263,266,270,274,274]} 1. Nf3 Nf6 2. g3 b5 3. Bg2 Bb7 4. O-O e6 5. d3 Na6 $146 (5... Be7 $11 {remains equal.}) ({Predecessor:} 5... Be7 6. e4 O-O 7. Qe2 d6 8. Nbd2 c5 9. b3 Nc6 10. Bb2 Nd7 11. d4 cxd4 12. Nxd4 Nxd4 13. Bxd4 a5 14. Rfd1 Ba6 15. c4 bxc4 16. Nxc4 a4 {½-½ (33) Lopez Martinez,J (2589)-Vallejo Pons,F (2717) Linares 2017}) 6. e4 $16 {A05: Réti Opening: 1 Nf3 Nf6} d6 7. Re1 Be7 8. c4 ({White should play} 8. Nd4 $16) 8... bxc4 $11 9. dxc4 O-O 10. Nc3 Nc5 {[%cal Rc5e4]} 11. e5 Nfd7 (11... Ng4 $11) 12. b4 $14 Na6 13. a3 Nxe5 14. Nxe5 Bxg2 15. Kxg2 {Nc6 is the strong threat.} dxe5 16. Qf3 c6 ({Black should try} 16... c5 $14) 17. Qxc6 $16 Qc8 18. Qxc8 Rfxc8 19. c5 Nc7 20. Be3 Nd5 {[#]} (20... Ne8 $16 21. Rad1 a5) 21. Nxd5 $1 $18 exd5 22. Rad1 Rd8 {[#]} 23. c6 (23. f4 $1 $18) 23... a6 (23... f6 $16) 24. Bb6 Rdc8 25. c7 d4 $2 (25... Bd6 26. Rc1 (26. Rxd5 Bxc7 27. Bxc7 Rxc7 $16) 26... Kf8) 26. Rxe5 Bd6 27. Ra5 ({But not} 27. Bxd4 $6 Bxe5 28. Bxe5 f6 $16) 27... Bxc7 28. Bxc7 Rxc7 29. Rxd4 g6 30. Rd6 {White has a decisive advantage.} Rca7 31. g4 Kf8 32. h4 {Precision: White = 71%, Black = 36%.} 1-0

[Event "II Duchamp Open 2018"]
[Site "Rio de Janeiro"]
[Date "2018.11.14"]
[Round "2"]
[White "Von Buelow, Georg"]
[Black "Almeida, Gianluca Jorio"]
[Result "1-0"]
[WhiteElo "2354"]
[BlackElo "2109"]
[Annotator "TA"]
[PlyCount "63"]
[EventDate "2018.11.14"]
[EventType "swiss"]
[EventCountry "BRA"]
[SourceTitle "playchess.com"]
[Source "ChessBase"]
[SourceQuality "1"]

{[%evp 18,63,68,25,38,32,52,27,50,30,29,1,36,35,50,2,62,87,61,44,45,-14,-18,-21,0,-56,-41,-37,-27,-20,-25,-28,-11,-6,0,0,0,0,0,0,102,102,98,114,104,92,1155,1164]} 1. e4 c5 2. Nf3 e6 3. d4 cxd4 4. Nxd4 a6 5. Bd3 Qc7 6. O-O Nf6 7. Qe2 d6 8. c4 Nbd7 9. Nc3 Be7 10. Bd2 {LiveBook: 3 Games. B42: Sicilian: Kan Variation: 5 Bd3} (10. f4 O-O 11. Kh1 b6 12. Bd2 g6 13. Rae1 Bb7 14. f5 exf5 15. exf5 Rae8 16. fxg6 hxg6 17. Bxg6 fxg6 18. Qd3 Bd8 19. Qxg6+ Kh8 20. Ne6 Rxe6 21. Rxe6 Qxc4 22. Rf4 Nh7 23. Re8 Qc6 24. Rfxf8+ Ndxf8 25. Rxd8 Qc4 26. Ne2 {1-0 (26) Smirin,I (2658)-Teterev,V (2494) Minsk 2015}) 10... O-O 11. b3 b6 12. f4 {White is slightly better.} Re8 13. Rae1 Bb7 14. Kh1 Rad8 (14... Qc5 $5 {[%cal Rc5d4]} 15. Be3 Qh5 $11) 15. b4 $146 ({Predecessor:} 15. f5 Bf8 16. fxe6 fxe6 17. Bg5 Kh8 {0-1 (62) Kuzmin,E (2067)-Ali Marandi,C (2180) Batumi 2010}) 15... Qb8 16. Qf3 Qa8 (16... d5 $11 17. cxd5 Bxb4) 17. Qh3 $14 Bf8 18. a3 g6 19. f5 ({White should try} 19. Kg1 $14) 19... exf5 $11 20. exf5 Bg7 21. Bg5 (21. Be2 $11) 21... Rxe1 $15 22. Rxe1 Ne5 23. Bf1 Re8 24. Qh4 Neg4 25. h3 $132 {[%mdl 2048] White is fighting back} h6 26. Bxf6 $1 Nxf6 27. fxg6 fxg6 28. Ne6 Qc8 (28... g5 $1 $11 29. Qf2 Ne4 30. Rxe4 Bxe4 31. Nxg7 Kxg7) 29. Nxg7 $16 Kxg7 30. Rxe8 Qxe8 {[#]} 31. Qd4 $1 Qc6 $2 {[%mdl 8192]} (31... Qe1 $16 32. Kg1 Kf7) 32. Nd5 $1 {Precision: White = 44%, Black = 25%.} 1-0

[Event "II Duchamp Open 2018"]
[Site "Rio de Janeiro"]
[Date "2018.11.14"]
[Round "2"]
[White "Guimaraes, Diogo Duarte"]
[Black "Rodriguez Vila, Andres"]
[Result "0-1"]
[WhiteElo "2272"]
[BlackElo "2482"]
[Annotator "TA"]
[PlyCount "68"]
[EventDate "2018.11.14"]
[EventType "swiss"]
[EventCountry "BRA"]
[SourceTitle "playchess.com"]
[Source "ChessBase"]
[SourceQuality "1"]

{[%evp 16,68,8,21,42,16,27,20,14,-22,-17,-41,-64,-30,-35,-61,-18,-18,-12,-16,-16,-46,-39,-28,-10,-11,-17,-43,-37,-37,-39,-61,-15,-10,-33,-144,-142,-141,-122,-122,-122,-123,-69,-1100,-1096,-1227,-1203,-1135,-1087,-29976,-29977,-29989,-2341,-29990,-29991]} 1. e4 e5 2. Nf3 Nc6 3. Bc4 Bc5 4. O-O Nf6 5. d3 O-O 6. c3 a6 {C54: Giuoco Piano: 4 c3 Nf6, main lines with 5 d4 and 5 d3} (6... d6 7. Re1 a6 8. a4 Ba7 9. h3 Kh8 10. d4 h6 11. dxe5 Nxe5 12. Nxe5 dxe5 13. Qxd8 Rxd8 14. Nd2 Kg8 15. Nf3 {½-½ (31) Anand,V (2771)-Aronian,L (2780) Batumi 2018}) 7. a4 d5 8. exd5 Nxd5 9. Re1 {LiveBook: 6 Games} Nb6 10. Bb3 Bg4 11. h3 $146 ({Predecessor:} 11. Qe2 Qf6 12. Nbd2 Qg6 13. Ne4 Be7 {½-½ (27) Both,E (2234)-Hetey,L (2352) Brasschaat 2009}) 11... Bh5 12. Be3 Bxe3 13. Rxe3 Nd5 14. Bxd5 Qxd5 15. Nbd2 f5 {[%cal Bf7f5,Bf5f4][%mdl 32]} 16. Qb3 Qxb3 17. Nxb3 f4 18. Ree1 Bxf3 19. gxf3 Rad8 20. Nc5 Rd5 21. Nxb7 Rb8 $36 {[%mdl 2048] Black has good play.} ({But not} 21... Rxd3 $6 22. Nc5 $14) 22. c4 Rxd3 23. Nc5 Rxf3 24. Kg2 Nd4 25. Rab1 (25. Ra3 $1 $15 Rxa3 26. bxa3) 25... Rb6 $17 {[#] ( -> ...Rg6+)} 26. Rh1 Rg6+ 27. Kf1 Rc6 28. Nd7 Re6 (28... e4 $17 29. Ne5 Rd6 30. Nxf3 Nxf3) 29. Re1 $2 {[%mdl 8192]} (29. Rd1 $15) 29... e4 $19 {[%cal Be5e4,Be4e3,Be3e2][%mdl 32]} 30. Nc5 {[#]} e3 $1 {[%mdl 512]} 31. Rh2 Re5 32. Nxa6 e2+ 33. Kg2 Rg5+ 34. Kh1 Rd3 {Precision: White = 43%, Black = 67%.} 0-1

[Event "II Duchamp Open 2018"]
[Site "Rio de Janeiro"]
[Date "2018.11.14"]
[Round "2"]
[White "Teixeira, Ricardo Da Silva"]
[Black "Hoffman, Alejandro"]
[Result "0-1"]
[WhiteElo "2239"]
[BlackElo "2479"]
[Annotator "TA"]
[PlyCount "92"]
[EventDate "2018.11.14"]
[EventType "swiss"]
[EventCountry "BRA"]
[SourceTitle "playchess.com"]
[Source "ChessBase"]
[SourceQuality "1"]

{[%evp 18,92,-2,-4,0,0,-2,-15,-12,-15,-10,-148,-133,-139,-140,-140,-139,-137,-127,-161,-144,-145,-141,-145,-90,-141,-144,-148,-128,-276,-150,-165,-165,-164,-157,-176,-155,-158,-150,-219,-168,-163,-170,-189,-176,-205,-201,-195,-155,-201,-155,-311,-308,-302,-308,-301,-288,-447,-447,-504,-525,-477,-441,-720,-720,-714,-707,-685,-624,-634,-636,-725,-698,-773,-732,-757,-754]} 1. Nf3 d5 2. d4 Nf6 3. g3 c6 4. Bg2 Bf5 5. O-O e6 6. Nbd2 h6 7. c4 Be7 8. b3 {D11: Damengambit (Slawische Verteidigung)} O-O 9. Bb2 a5 {[%cal Ba7a5,Ba5a4][%mdl 32]} (9... Nbd7 10. a3 a5 11. Ne1 Qb6 12. Nd3 Rfd8 13. Rc1 Ne4 14. Nf3 Qa6 15. a4 Bf6 16. Ba3 dxc4 17. bxc4 c5 18. e3 Rac8 {0-1 (42) Indjic,A (2542)-Ragger,M (2639) Warsaw 2014}) 10. a3 {LiveBook: 6 Partien. Die Stellung ist ausgeglichen.} Ne4 11. Nxe4 Bxe4 12. Nd2 Bxg2 13. Kxg2 a4 $146 ({Vorgänger:} 13... Nd7 14. Qc2 f5 15. f3 {0-1 (32) Sukuba,Z (2091)-Nagy,T (2192) Slovakia 2010}) 14. b4 (14. e3 $11) 14... dxc4 $17 15. e4 b5 16. f4 f5 17. Qe2 Bf6 18. Rad1 fxe4 19. Nxe4 Qd5 20. Kg1 Nd7 ({Besser ist} 20... Na6 21. Rfe1 Nc7) 21. Nc5 (21. Rf3 $142) 21... Rae8 22. Rfe1 Rf7 23. Bc1 (23. Rf1 $17) 23... Nb6 (23... Bxd4+ $19 24. Be3 Nxc5 25. bxc5 (25. Rxd4 $2 Nd3 $19) 25... Bxe3+ 26. Qxe3 Qf5) 24. Qe4 Qxe4 25. Rxe4 Rfe7 26. Rde1 Kf7 27. Kg2 Nc8 28. g4 (28. Bb2 $17 {ist wohl besser.}) 28... g6 29. Bb2 Nb6 30. Kg3 Nd5 31. h4 h5 32. g5 Bg7 33. R1e2 Nb6 34. Kh3 $2 (34. Kf3 $17) 34... Nc8 $19 35. Re1 Nd6 36. R4e2 Nf5 37. Re4 (37. Rd2 $142) 37... Rd8 {Schwarz steht klar auf Gewinn.} 38. Rd1 {[#]} e5 $1 {[%mdl 512]} 39. fxe5 {[#]} (39. dxe5 Rxd1) 39... Bxe5 $1 {[%mdl 512]} 40. dxe5 (40. Rde1 $142 Bd6 41. Rxe7+ Nxe7 42. Nb7) 40... Rxd1 41. e6+ Ke8 42. Bf6 Rh1+ 43. Kg2 Rxh4 44. Re2 Rg4+ 45. Kf2 Rf4+ 46. Kg2 h4 {Precision: Weiß = 31%, Schwarz = 77%.} 0-1

[Event "II Duchamp Open 2018"]
[Site "Rio de Janeiro"]
[Date "2018.11.15"]
[Round "2"]
[White "Viana, Dirceu"]
[Black "Pimentel, Rafael Favarin G."]
[Result "1-0"]
[WhiteElo "2201"]
[BlackElo "1886"]
[Annotator "TA"]
[PlyCount "40"]
[EventDate "2018.11.14"]
[EventType "swiss"]
[EventCountry "BRA"]
[SourceTitle "playchess.com"]
[Source "ChessBase"]
[SourceQuality "1"]

{[%evp 25,40,4,24,23,35,31,28,39,41,44,57,39,38,46,64,62,64]} 1. c4 Nf6 2. Nc3 d5 3. cxd5 Nxd5 4. g3 e5 5. Bg2 Nb6 6. Nf3 Nc6 7. O-O Be7 8. d3 O-O 9. Be3 Be6 10. Rc1 Nd5 11. Nxd5 Bxd5 12. Qa4 a5 13. a3 Re8 {LiveBook: 11 Partien. A29: Englische Eröffnung (Vierspringer-Variante)} (13... Rb8 14. Bc5 Bd6 15. Rfd1 Qe7 16. Qb5 Bxc5 17. Qxc5 Qxc5 18. Rxc5 Rfd8 19. Rdc1 f6 20. Nd2 Bxg2 21. Kxg2 {½-½ (83) Belous,V (2564)-Arribas Lopez,A (2511) chess.com INT 2017}) 14. Rfe1 Bf6 $146 ({Vorgänger:} 14... Rb8 15. Qb5 Bf6 16. Nd2 Bxg2 17. Kxg2 Bg5 18. Bxg5 Qxg5 19. Nf3 Qd8 20. Rc4 Re6 21. Rec1 {1-0 (40) Kigigha,B (2317)-Varshini,V (2205) Abu Dhabi 2018}) 15. Nd2 Bxg2 16. Kxg2 Ne7 {Weiß steht etwas besser.} 17. Ne4 Nd5 18. Qb5 b6 19. Nxf6+ Nxf6 20. Bg5 c5 1-0

[Event "II Duchamp Open 2018"]
[Site "Rio de Janeiro"]
[Date "2018.11.14"]
[Round "2"]
[White "Souza, Wellington"]
[Black "Torres, Eduardo Lisboa"]
[Result "0-1"]
[WhiteElo "2120"]
[BlackElo "1864"]
[Annotator "TA"]
[PlyCount "50"]
[EventDate "2018.11.14"]
[EventType "swiss"]
[EventCountry "BRA"]
[SourceTitle "playchess.com"]
[Source "ChessBase"]
[SourceQuality "1"]

{[%evp 28,50,51,50,40,50,94,39,127,29,0,-561,-560,-29992,-29993,-29993,-29994,-29994,-29995,-29995,-29996,-29996,-29997,-29998,-29999]} 1. d4 Nf6 2. c4 e5 3. dxe5 Ng4 4. Nf3 Bc5 5. e3 Nc6 6. Nc3 O-O 7. Be2 Re8 8. O-O a5 9. b3 Ncxe5 10. Bb2 Ra6 11. Nxe5 Nxe5 12. Ne4 Ba7 13. c5 {A52: Budapest Gambit} (13. Ng3 Rh6 14. Nf5 Rf6 15. f4 Rxf5 16. fxe5 Rfxe5 17. Kh1 Rg5 18. Bh5 f6 19. Bxe8 Qxe8 20. Bd4 Bb8 {0-1 (31) Mamedov,R (2660)-Mamedyarov,S (2772) Moscow 2011}) 13... Rh6 14. g3 d5 15. cxd6 $1 {LiveBook: 3 Games. White is slightly better.} cxd6 16. Qd5 {And now Rfd1 would win.} Qe7 $146 ({Predecessor:} 16... Qd7 17. Ng5 Qf5 18. h4 Rg6 19. Qg2 Bd7 20. e4 Qf6 {1-0 (32) Nestorovic,L (2397)-Godart,F (2266) Albena 2011}) 17. Rfd1 (17. Qxa5 $16 Bg4 18. Bxg4 Nxg4 19. Qxa7 (19. Qc3 f5 $11) 19... Qxe4 20. h4) 17... Bg4 ({Black should try} 17... Ng4 $1 $14) 18. Bxg4 (18. Bxe5 $16 Bxe2 19. Nxd6) 18... Nxg4 $11 19. Nxd6 $2 {[%mdl 8192] [#]} (19. Bd4 $11 {and White stays safe.} Bb8 20. f3) 19... Bxe3 $1 $19 {[%mdl 512]} 20. Nf5 (20. fxe3 Qxe3+) 20... Bxf2+ {Black mates.} 21. Kg2 Rxh2+ 22. Kf3 Qe2+ 23. Kf4 Be3+ 24. Nxe3 Rf2+ 25. Kg5 h6+ 0-1

[Event "II Duchamp Open 2018"]
[Site "Rio de Janeiro"]
[Date "2018.11.14"]
[Round "2"]
[White "Campos, Alexandre Ferreira"]
[Black "Perdomo, Leandro"]
[Result "0-1"]
[WhiteElo "2076"]
[BlackElo "2476"]
[Annotator "TA"]
[PlyCount "72"]
[EventDate "2018.11.14"]
[EventType "swiss"]
[EventCountry "BRA"]
[SourceTitle "playchess.com"]
[Source "ChessBase"]
[SourceQuality "1"]

{[%evp 19,72,21,8,0,0,0,0,0,0,0,0,0,0,0,0,-122,10,12,20,4,13,0,0,0,0,-37,-30,-13,0,-55,0,-43,0,-14,-8,-238,-226,-224,-210,-228,-214,-415,-420,-416,-421,-647,-525,-635,-424,-409,-419,-603,-358,-941,-941]} 1. Nf3 Nf6 2. c4 g6 3. g3 Bg7 4. Bg2 O-O 5. O-O d6 6. d4 Nbd7 7. Nc3 e5 8. dxe5 dxe5 9. Qc2 c6 10. b3 Qe7 {LiveBook: 6 Games. E67: King's Indian: Fianchetto: 6...Nbd7} 11. a4 (11. Rd1 Re8 12. Ng5 e4 13. Bf4 Ne5 14. Ngxe4 Bf5 15. Bg5 Neg4 16. Nxf6+ Bxf6 17. e4 Bxg5 18. exf5 Be3 19. Rf1 Rad8 20. Ne4 Bd4 21. fxg6 hxg6 22. Rae1 Nxf2 23. Nxf2 Qxe1 24. Rxe1 Rxe1+ 25. Bf1 Be3 {0-1 (25) Martins,D (2382)-Gupta,A (2634) London 2016}) 11... a5 12. Ba3 Nc5 {The position is equal.} 13. Nd2 Bf5 14. e4 Be6 15. Nd5 cxd5 16. cxd5 Rfc8 $1 17. Nc4 $146 (17. Rfc1 $11 {remains equal.} Bf8 18. dxe6) ({Predecessor:} 17. dxe6 Qxe6 18. Qc4 Qxc4 19. Nxc4 Nxb3 {1-0 (41) Schneider,A (2380)-Kosztolanczi,G (2205) Hungary 1997}) 17... Ra6 (17... Bd7 $17 {Threatens to win with ...Qd8.} 18. Nb6 Bf8) 18. dxe6 Qxe6 19. Bxc5 (19. Qb1 {is more complex.} Raa8 20. Rc1 b6 21. Rc2 Bf8 22. f3) 19... Rxc5 20. Rfd1 Ra8 21. Qd2 Bf8 22. Rac1 h5 23. Rc3 Kh7 24. Rd3 (24. f4 $11) 24... Rac8 (24... b5 $1 $15 25. axb5 (25. Nxa5 bxa4 26. Nb7 Rc7 $17) 25... Rxb5) 25. Rd8 b6 26. h3 R5c6 27. Qg5 $2 (27. Rxc8 $11 {and White is okay.} Rxc8 28. f4) 27... Bh6 $19 28. Qxe5 {[#]} Rxd8 $1 29. Rxd8 {[#] Qd4 is the strong threat.} Rxc4 $1 30. Qb8 $2 (30. Qxe6 {is the only way for White.} Rc1+ 31. Kh2 fxe6 32. e5) 30... Rc1+ 31. Kh2 {Intending Rh8+ and mate.} Bg7 32. Rd6 (32. Qf4 $142 Rc2 33. Rd6) 32... Qxb3 33. e5 Ng8 34. e6 fxe6 35. Qe8 (35. Qxb6 $142 Qxb6 36. Rxb6) 35... Qb2 36. Rxe6 $2 (36. Qxe6 Nf6 37. Qe3) 36... Nf6 {Precision: White = 32%, Black = 62%.} 0-1